BILOGIA HUMANA ANATOMIA FISIOLOGIA E HIGIENE (Record no. 1818)

MARC details
000 -LEADER
campo de control de longitud fija 00741nam a22001817a 4500
001 - NÚMERO DE CONTROL
campo de control 7464
005 - FECHA Y HORA DE LA ÚLTIMA TRANSACCIÓN
campo de control 20250602012214.0
008 - DATOS DE LONGITUD FIJA--INFORMACIÓN GENERAL
campo de control de longitud fija 5230202000 sp a
020 ## - NÚMERO INTERNACIONAL ESTÁNDAR DEL LIBRO
Número Internacional Estándar del Libro 84-89163-22-7
082 ## - NÚMERO DE LA CLASIFICACIÓN DECIMAL DEWEY
Número de clasificación 611018
Número de ítem D5697b
100 ## - ENTRADA PRINCIPAL--NOMBRE DE PERSONA
Nombre de persona HIDALGO Y LLANOS MARIO E
245 ## - MENCIÓN DEL TÍTULO
Título BILOGIA HUMANA ANATOMIA FISIOLOGIA E HIGIENE
Mención de responsabilidad, etc. Mario E. Dihigo y Llanos.
250 ## - MENCION DE EDICION
Mención de edición Edición 2000
260 ## - PUBLICACIÓN, DISTRIBUCIÓN, ETC.
Lugar de publicación, distribución, etc. Madrid :
Nombre del editor, distribuidor, etc. EDISIONES ESCOLARES
300 ## - DESCRIPCIÓN FÍSICA
Extensión xxi; 416 p. : il / 21.5
Otros detalles físicos il.
505 ## - NOTA DE CONTENIDO CON FORMATO
Nota de contenido con formato Unidad 1 : Nutrición Digestión Circulación Respiración Excreciones Secreciones Unidad 2 : Vida de relación Esqueleto Musculos Sistem Nervioso Organos de los sentidos Unidad 3 : Reproducción Conservación de la Especie.
650 ## - PUNTO DE ACCESO ADICIONAL DE MATERIA--TÉRMINO DE MATERIA
Término de materia o nombre geográfico como elemento de entrada 1 BIOLOGIA HUMANA
Holdings
Estatus retirado Estado de pérdida Estado de daño No para préstamo Colección Biblioteca de origen Biblioteca actual Fecha de adquisición Total de préstamos Signatura topográfica completa Código de barras Visto por última vez Fecha del último préstamo Copia número Precio de reemplazo Tipo de ítem Koha
        Acervo general de Libros Biblioteca Central Mons. Favio M. Rivas S. Biblioteca Central Mons. Favio M. Rivas S. 23/06/2014 1 611018 000000002395 12/02/2026 10/07/2025 1 23/05/2025 Libros